00704nam a2200241Ia 450000100060000000300090000600800410001504000130005604000130006904100120008210000190009410000290011324500360014224500290017825000110020726000140021826000310023226000490026330000570031250000410036965000210041065000310043123413IT-RoPAU130308s9999 xx 000 0 und d aIT-RoPAU cIT-RoPAU aINGLESE aCoultass Clive gCodice Aut. SPICS: 6994 aFilm Preservation: the Archives bHistorian And Film (The) a1a ed. aCAMBRIDGE bCambridge University Press c1978 [1° Ed.:1976 - Ed.Ling.Originale:1976] a"16 p. (prefazione: no ; testo: 16 [pagine: 32-47])" aCineteca e la conservazione dei Film aSAGGI SUL CINEMA eCodice materia Spics: 6811